Guess The Lead Actor In The Bollywood Movie #Medium# - Statistics

General Stats
  • This quiz has been taken 295 times
  • The average score is 14 of 23
Answer Stats
Name Of The Movie Name Of The Actor % Correct
My Name Is Khan Shah Rukh Khan
98%
Yeh Jawaani Hai Deewani Ranbir Kapoor
95%
Baand Baaja Baarat Ranveer Singh
85%
Kabhi Khushi Kabhi Gham Shah Rukh Khan
85%
Rockstar Ranbir Kapoor
82%
Zindagi Na Milegi Dobaara Hrithik Roshan
81%
Hum Tum Saif Ali Khan
79%
Rustom Akshay Kumar
77%
Wake Up Sid! Ranbir Kapoor
75%
Rang De Basanti Aamir Khan
73%
Udta Punjab Shahid Kapoor
72%
Tere Naam Salman Khan
68%
Piku Amitabh Bachchan
66%
Newton Rajkumar Rao
53%
Zanjeer Amitabh Bachchan
50%
Rock On!! Farhan Akhtar
49%
Paan Singh Tomar Irrfan Khan
49%
Mera Naam Joker Raj Kapoor
37%
Anjaam Shah Rukh Khan
35%
Company Ajay Devgan
32%
Anand Rajesh Khanna
31%
Dhoom 2 Hritik Roshan
17%
Aligarh Manoj Bajpai
14%
No matching quizzes found
Score Distribution
Percent of People with Each Score
Percentile by Number Answered
Your Score History
You have not taken this quiz